Equipes ayant participées à la ligue des champions depuis 2010 - Statistiques

Statistiques générales
  • Ce quiz a été pris 409 fois
  • Le résultat moyen est 39 sur 63
Statistiques - réponses
Nombre Participation Pays Derniere Participation Réponse % Correct
14 Espagne 2023-2024 Real Madrid
100%
14 Allemagne 2023-2024 Bayern Munich
99%
14 Espagne 2023-2024 FC Barcelone
99%
13 Angleterre 2023-2024 Manchester City
98%
12 Allemagne 2023-2024 Borussia Dortmund
97%
10 Angleterre 2023-2024 Manchester United
97%
12 France 2023-2024 Paris
97%
8 Italie 2023-2024 Inter Milan
96%
12 Portugal 2023-2024 Porto
96%
12 Portugal 2023-2024 Benfica
95%
9 Italie 2022-2023 Juventus Turin
95%
5 France 2022-2023 Marseille
95%
7 Italie 2023-2024 AC Milan
94%
11 Espagne 2023-2024 Atletico Madrid
94%
11 Angleterre 2022-2023 Chelsea
94%
6 France 2019-2020 Lyon
93%
10 Pays Bas 2022-2023 Ajax
92%
8 Angleterre 2023-2024 Arsenal
92%
7 Angleterre 2022-2023 Liverpool
92%
7 Espagne 2023-2024 FC Seville
87%
7 Turquie 2023-2024 Galatasaray
87%
8 Italie 2023-2024 Naples
86%
4 France 2021-2022 Lille
85%
4 Pays Bas 2023-2024 PSV Eindhoven
76%
1 France 2023-2024 RC Lens
75%
6 Allemagne 2023-2024 RB Leipzig
72%
6 Angleterre 2022-2023 Tottenham
72%
5 Italie 2018-2019 AS Rome
71%
6 Espagne 2019-2020 Valence
71%
7 Allemagne 2022-2023 Bayer Leverkusen
70%
2 Italie 2023-2024 Lazio Rome
69%
4 Belgique 2017-2018 Anderlecht
67%
5 Ecosse 2023-2024 Celtic Glasgow
62%
2 Pays Bas 2023-2024 Feyenoord
58%
2 Espagne 2023-2024 Real Sociedad
58%
3 Turquie 2021-2022 Besiktas
57%
3 Portugal 2023-2024 Braga
56%
1 France 2020-2021 Rennes
56%
1 France 2012-2013 Montpellier
55%
2 Espagne 2021-2022 Villareal
54%
3 Italie 2021-2022 Atalanta Bergame
51%
1 Angleterre 2016-2017 Leicester
51%
1 Angleterre 2023-2024 Newcastle
51%
5 Allemagne 2018-2019 Schalke
51%
5 Portugal 2022-2023 Sporting Portugal
48%
2 Ecosse 2022-2023 Glasgow Rangers
47%
2 Allemagne 2021-2023 Wolfsbourg
46%
1 Allemagne 2023-2024 Union Berlin
41%
1 Allemagne 2023-2024 Francfort
39%
2 Belgique 2019-2020 Genk
37%
1 France 2010-2011 Auxerre
30%
1 Belgique 2015-2016 La Gantoise
25%
1 Espagne 2012-2013 Malaga
24%
1 Allemagne 2010-2011 Werder Breme
21%
1 Turquie 2020-2021 Basaksehir
20%
1 Espagne 2014-2015 Athletic Bilbao
19%
6 Belgique 2022-2023 Club Brugge
19%
1 Allemagne 2018-2019 Hoffenheim
19%
1 Turquie 2011-2012 Trabzonspor
15%
1 Belgique 2023-2024 Royal Antwerp
14%
1 Pays Bas 2010-2011 Twente
11%
1 Turquie 2010-2011 Buraspor
1%
3 Allemagne 2020-2021 Mochengaldbach
0%
Aucun quiz correspondant
Distribution des résultats
% des personnes avec chaque résultat
Percentile par nombre de réponses
Votre historique - résultats
Vous n’avez pas pris ce quiz